| 000 | 01192nam a2200217Ia 4500 | ||
|---|---|---|---|
| 999 |
_c34662 _d34662 |
||
| 001 | 440 | ||
| 003 | GE_BSU | ||
| 005 | 20221226104307.0 | ||
| 008 | 181216s2005||||ge |||||||||||||| ||geo|| | ||
| 040 | _cGE_BSU | ||
| 041 | _ageo | ||
| 080 | _a343(094.4) გ–19 | ||
| 100 |
_aგამყრელიძე, ოთარ _92834 |
||
| 245 |
_aსაქართველოს სისხლის სამართლის კოდექსის განმარტება : _bწ. 1. (2004 წლის 1 ნოემბრის მდგომარეობით) : ზოგადი ნაწილი / _cო. გამყრელიძე ; [რედ.: კონსტანტინე კემულარია] ; საქ. მეცნ. აკად. სახ. და სამართლის ინ-ტი. |
||
| 264 |
_aთბილისი, _c2005. |
||
| 300 |
_a260 გვ.; _b20 სმ. |
||
| 653 | _aსისხლის სამართლის კოდექსი | ||
| 653 | _aგანმარტება | ||
| 700 |
_aკემულარია, კონსტანტინე _eრედაქტორი _916572 |
||
| 942 |
_cBK _2udc |
||